Sports Quiz

Random Sports or Football Quiz

Illinois state football champs 4A Quiz Stats

 Plays Quiz not verified by Sporcle

Score 0/44 Timer 10:00
0 Plays Today
Year School % Correct
2013Rochester
88.3%
2012Rochester
81.4%
2014Rochester
81.3%
2016Rochester
80%
2017Rochester
78.9%
2011Rochester
76.1%
1975Joliet Catholic
75.4%
1976Joliet Catholic
75.4%
1977Joliet Catholic
75.4%
1978Joliet Catholic
75.4%
1990Joliet Catholic
75.4%
1999Joliet Catholic
75.4%
2000Joliet Catholic
75.4%
2015Phillips
70.4%
2001Driscoll
67.6%
2002Driscoll
67.6%
2003Driscoll
67.6%
2005Driscoll
67.6%
2006Driscoll
67.6%
2007Driscoll
67.6%
1987Providence
61.8%
1991Providence
61.8%
Year School % Correct
1995Providence
61.8%
1996Providence
61.8%
1997Providence
61.8%
2010Rochester
58.9%
2004Montini
56.5%
1984Morris
56%
2009Metamora
53.6%
1974Rockford East
36.2%
2008Bloomington Central Catholic
35.3%
1988Richards
29.5%
1989Richards
29.5%
1993Marian Central Catholic
29.5%
1982Geneseo
27.1%
1979Wheaton North
24.6%
1981Wheaton North
24.6%
1992Oswego
17.9%
1983Woodstock
15.9%
1994Belvidere
14%
1985Washington
13%
1986Tinley Park
11.1%
1980Althoff
10.1%
1998Glenwood
7.2%

You're not logged in!

Compare scores with friends on all Sporcle quizzes.
OR
Log In

Show Comments

Extras

Top Quizzes Today


Score Distribution

Your Account Isn't Verified!

In order to create a playlist on Sporcle, you need to verify the email address you used during registration. Go to your Sporcle Settings to finish the process.

Report this User

Report this user for behavior that violates our Community Guidelines.

Details: